000 00696nam a22002297a 4500
999 _c13968
_d13968
003 AR-CdUCM
008 190417b ||||| |||| 00| 0 spa d
020 _a84-400-3888-7
040 _aMUNICIPALIDAD PROVINCIAL DEL CUSCO
_cBIBLIOTECA MUNICIPAL DEL CUSCO
082 _a869.56 /
_bR73
100 _aRodesca, Paco
_932614
245 _aPote de piedra /
260 _aEspaña :
_bPaco rodesca,
_c1977.
300 _a79 paginas ;
_bilustraciones,
_c22 cm.
500 _aDedicatoria a Luis Nieto Donación de la Familia Nieto
650 _aPoesias
_92556
650 _aCuentos
_9217
650 _aHistoria
_9136
650 _aLiteratura
_983
942 _2ddc
_cLIBROS
945 _apjha
_d2019-04-17